Tokyo Metro Hibiya Line Stations - Statistics

General Stats
  • This quiz has been taken 221 times
    220 since last reset
  • The average score is 12 of 22
Answer Stats
Station Number Station % Correct
H01 Naka-Meguro
82%
H09 Ginza
77%
H04 Roppongi
77%
H18 Ueno
77%
H08 Hibiya
76%
H16 Akihabara
74%
H22 Kita-Senju
71%
H02 Ebisu
68%
H10 Higashi-Ginza
63%
H03 Hiroo
63%
H21 Minami-Senju
60%
H14 Ningyocho
53%
H05 Kamiyacho
52%
H07 Kasumigaseki
50%
H11 Tsukiji
45%
H19 Iriya
42%
H20 Minowa
37%
H17 Naka-Okachimachi
37%
H12 Hatchobori
34%
H13 Kayabacho
32%
H15 Kodenmacho
29%
H06 Toranamon Hills
15%
No matching quizzes found
Score Distribution
Percent of People with Each Score
Percentile by Number Answered
Your Score History
You have not taken this quiz since the last reset